Sports Quiz

Random Sports or Tennis Quiz

WTA Top 100 Quiz Stats

 Plays Quiz not verified by Sporcle

Score 0/100 Timer 20:00
0 Plays Today
Country Player Name % Correct
(1)USASerena Williams
100%
(5)RussiaMaria Sharapova
99.3%
(49)USAVenus Williams
99.3%
(3)ChinaNa Li
98.5%
(2)BelarusVictoria Azarenka
97.8%
(11)DenmarkCaroline Wozniacki
97%
(4)PolandAgnieszka Radwanska
96.3%
(46)PolandUrszula Radwanska
96.3%
(12)SerbiaAna Ivanovic
95.5%
(6)Czech RepublicPetra Kvitova
94%
(7)ItalySara Errani
91.8%
(10)RomaniaSimona Halep
91.8%
(9)GermanyAngelique Kerber
90.3%
(8)SerbiaJelena Jankovic
89.6%
(14)ItalyRoberta Vinci
88.8%
(17)AustraliaSamantha Stosur
88.1%
(19)CanadaEugenie Bouchard
88.1%
(18)USASloane Stephens
87.3%
(13)SlovakiaDominika Cibulkova
84.3%
(15)GermanySabine Lisicki
83.6%
(22)ItalyFlavia Pennetta
81.3%
(24)EstoniaKaia Kanepi
79.9%
(25)FranceAlize Cornet
79.1%
(21)BelgiumKirsten Flipkens
78.4%
(23)RomaniaSorana Cirstea
78.4%
(29)RussiaSvetlana Kuznetsova
78.4%
(43)ItalyFrancesca Schiavone
78.4%
(50)ChinaShuai Peng
78.4%
(57)ChinaJie Zheng
78.4%
(56)Puerto RicoMonica Puig
76.9%
(37)USAMadison Keys
76.1%
(16)SpainCarla Suarez Navarro
75.4%
(28)RussiaEkaterina Makarova
74.6%
(31)SlovakiaDaniela Hantuchova
74.6%
Country Player Name % Correct
(86)IsraelShahar Peer
74.6%
(27)Czech RepublicLucie Safarova
73.9%
(26)RussiaAnastasia Pavlyuchenkova
73.1%
(39)GermanyAndrea Petkovic
73.1%
(70)BelgiumYannina Wickmayer
70.9%
(51)ChinaShuai Zhang
70.1%
(35)SpainGarbine Muguruza
67.9%
(38)UkraineElina Svitolina
67.2%
(53)BulgariaTsvetana Pironkova
67.2%
(84)ItalyCamila Giorgi
67.2%
(20)RussiaMaria Kirilenko
66.4%
(33)RussiaElena Vesnina
66.4%
(48)New ZealandMarina Erakovic
66.4%
(58)UKLaura Robson
66.4%
(54)RomaniaMonica Niculescu
64.9%
(97)Chinese TaipeiSu-Wei Hsieh
64.9%
(87)SwedenJohanna Larsson
64.2%
(91)LuxembourgMandy Minella
63.4%
(36)GermanyMona Barthel
62.7%
(45)ItalyKarin Knapp
62.7%
(41)SerbiaBojana Jovanovski
61.9%
(79)KazakhstanYaroslava Shvedova
60.4%
(52)USAVarvara Lepchenko
59%
(62)FranceKristina Mladenovic
59%
(88)NetherlandsKiki Bertens
59%
(44)SwitzerlandStephanie Voegele
57.5%
(59)USAChristina McHale
57.5%
(47)USAAlison Riske
56.7%
(64)JapanKurumi Nara
56.7%
(76)FranceCaroline Garcia
56.7%
(78)South AfricaChanelle Scheepers
56.7%
(80)AustraliaCasey Dellacqua
56.7%
(42)USABethanie Mattek-Sands
56%
(66)Czech RepublicKarolina Pliskova
56%
Country Player Name % Correct
(32)SlovakiaMagdalena Rybarikova
53.7%
(55)GermanyAnnika Beck
52.2%
(67)SloveniaPolona Hercog
52.2%
(69)JapanAyumi Morita
51.5%
(98)ThailandLuksika Kumkhum
51.5%
(83)HungaryTimea Babos
50.7%
(34)Czech RepublicKlara Zakopalova
49.3%
(96)BelarusOlga Govortsova
49.3%
(61)ArgentinaPaula Ormaechea
48.5%
(71)KazakhstanGalina Voskoboeva
48.5%
(30)USAJamie Hampton
47.8%
(40)AustraliaYvonne Meusburger
47.8%
(90)IsraelJulia Glushko
47%
(94)SwitzerlandRomina Oprandi
46.3%
(72)USAVania King
45.5%
(60)USALauren Davis
44.8%
(92)BrazilTeliana Pereira
44.8%
(74)Czech RepublicBarbora Zahlavova Strycova
44%
(82)SlovakiaJana Cepelova
41%
(85)FranceVirgine Razzano
41%
(100)ColombiaMariana Duque-Marino
41%
(65)SpainMaria-Teresa Torro-Flor
39.6%
(93)SpainAnabel Medina Garrigues
39.6%
(63)RomaniaAlexandra Cadantu
38.8%
(68)CroatiaAjla Tomljanovic
37.3%
(73)SpainLourdes Dominguez Lino
33.6%
(77)SpainSilvia Soler-Espinosa
33.6%
(99)SpainLara Arruabarrena
32.1%
(81)AustriaPatricia Mayr-Achleitner
26.1%
(89)GermanyDinah Pfizenmaier
25.4%
(95)SpainEstrella Cabeza Candela
17.9%
(75)SlovakiaAnna Schmeidlova
7.5%

You're not logged in!

Compare scores with friends on all Sporcle quizzes.
OR
Log In

Show Comments

Extras

Top Quizzes Today


Score Distribution

Your Account Isn't Verified!

In order to create a playlist on Sporcle, you need to verify the email address you used during registration. Go to your Sporcle Settings to finish the process.

Report this User

Report this user for behavior that violates our Community Guidelines.

Details: